000 00608nam a2200181 a 4500
005 20251203063949.0
008 030519s1992 mx r 000 0 spa d
020 _a843310537X
035 _aUPN01000124392
049 _aCG
050 4 _aZ1003.5
_bC6.5
245 0 0 _aComo formar buenos lectores :
_blectura y escritura : diferentes perspectivas /
_ccoord. Ma. Paz Lebrero Baena ; colab. David Feldman... [et al.].
260 _aMadrid :
_bEscuela Española,
_c[1992].
300 _a139 p. :
_bil.
650 4 _aIntereses en la lectura
_94851
700 1 _aLebrero Baena, María Paz,
_ecoord.
905 _aLibro
999 _c96571
_d96571